Curso de litteratura portuguesa / (Registro nro. 23966)

Detalles MARC
000 -LEADER
campo de control de longitud fija 00557nam a2200169 i 4500
001 - NÚMERO DE CONTROL
campo de control 23966
003 - IDENTIFICADOR DE NÚMERO DE CONTROL
campo de control ES-MaACL
005 - FECHA Y HORA DE LA ÚLTIMA TRANSACCIÓN
campo de control 20230906152951.0
007 - CAMPO FIJO DE DESCRIPCIÓN FÍSICA--INFORMACIÓN GENERAL
campo de control de longitud fija t|
008 - DATOS DE LONGITUD FIJA--INFORMACIÓN GENERAL
campo de control de longitud fija 021213s1875 po ||||1| por d
100 1# - ENTRADA PRINCIPAL--NOMBRE DE PERSONA
Nombre de persona Ferreira, José Maria de Andrade.
9 (RLIN) 50373
245 10 - MENCIÓN DEL TÍTULO
Título Curso de litteratura portuguesa /
Mención de responsabilidad, etc. por José María d'Andrade Ferreira.
260 ## - PUBLICACIÓN, DISTRIBUCIÓN, ETC.
Lugar de publicación, distribución, etc. Lisboa :
Nombre del editor, distribuidor, etc. Livraria Editora di Mattos Moreira & Compª,
Fecha de publicación, distribución, etc. 1875.
300 ## - DESCRIPCIÓN FÍSICA
Extensión 380 p. ;
Dimensiones 20 x 13 cm.
650 04 - PUNTO DE ACCESO ADICIONAL DE MATERIA--TÉRMINO DE MATERIA
Término de materia o nombre geográfico como elemento de entrada Literatura portuguesa-
Subdivisión general Historia y crítica.
9 (RLIN) 14650
852 ## - LOCALIZACIÓN
Ubicación ES-MaACL
Número de control de estantería G-8956
Existencias
Estatus retirado Estado de pérdida Estado de daño No para préstamo Colección Biblioteca de origen Biblioteca actual Ubicación en estantería Fecha de adquisición Fuente de adquisición Total de préstamos Signatura topográfica completa Código de barras Visto por última vez Precio de reemplazo Tipo de ítem Koha
        Libros del s. XIX Biblioteca del Ateneo de Madrid Biblioteca del Ateneo de Madrid Sala Pecera Planta 3 17/01/2008     G-8956 1024702 23/02/2023 23/02/2023 Libro impreso antiguo